The bridge on the river Kwai
Κατά τη διάρκεια του 2ου Παγκοσμίου Πολεμου, οι Ιάπωνες αναγκάζουν βρετανούς αιχμαλώτους να κατασκευάσουν μια σιδηροδρομική γέφυρα, την οποία μια ομάδα συμμάχων έχει αναλάβει να καταστρέψει....
Αποθηκεύτηκε σε:
| Άλλοι συγγραφείς: | , , |
|---|---|
| Μορφή: | |
| Γλώσσα: | English Multiple |
| Δημοσίευση: |
[S.l.] :
Columbia TriStar Home Video,
c2000.
|
| Έκδοση: | Special 2 disc ed. |
| Θέματα: | |
| Ετικέτες: |
Προσθήκη ετικέτας
Δεν υπάρχουν, Καταχωρήστε ετικέτα πρώτοι!
|
MARC
| LEADER | 00000cgm a2200000 i 4500 | ||
|---|---|---|---|
| 001 | 1/2240 | ||
| 008 | 091124s2000 xx ||| | || ||eng|| | ||
| 035 | |l 10105910 | ||
| 040 | |a GR-MyUa |b gre |e AACR2 | ||
| 041 | 0 | |a eng |j mul | |
| 082 | 7 | |a 791.437 |2 (22) | |
| 245 | 0 | 4 | |a The bridge on the river Kwai |h [μαγνητοσκόπηση] / |c directed by David Lean. |
| 250 | |a Special 2 disc ed. | ||
| 260 | |a [S.l.] : |b Columbia TriStar Home Video, |c c2000. | ||
| 300 | |a 2 βιντεοδίσκοι (156 λεπτ.) : |b ομίλ., έγχρ. ; |c 4 3/4 ίν. | ||
| 500 | |a Κυκλοφόρησε πρώτη φορά ως κινηματογραφική ταινία το 1957. | ||
| 505 | 8 | |a Disc 1 Η ταινία -- disc 2 Extra παροχές. | |
| 508 | |a Σενάριο, Michael Wilson και Carl Foreman ; βασισμένο στο μυθιστόρημα του Pierre Boulle ; παραγωγή, Sam Spiegel. | ||
| 511 | 0 | |a William Holden, Alec Guinness, Jack Hawkins, Sessue Hayakawa, James Donald, Ann Sears, Geoffrey Horne. | |
| 520 | 8 | |a Κατά τη διάρκεια του 2ου Παγκοσμίου Πολεμου, οι Ιάπωνες αναγκάζουν βρετανούς αιχμαλώτους να κατασκευάσουν μια σιδηροδρομική γέφυρα, την οποία μια ομάδα συμμάχων έχει αναλάβει να καταστρέψει. | |
| 546 | |a Στα αγγλικά με υπότιτλους στα ελληνικά. | ||
| 586 | 8 | |a 7 Βραβεία Όσκαρ | |
| 650 | 0 | |a World War, 1939-1945 |v Drama. | |
| 655 | 7 | |a Feature films |2 lcgft | |
| 700 | 1 | |a Lean, David, |d 1908-1991, |e drt | |
| 700 | 1 | |a Guinness, Alec, |d 1914-2000, |e act | |
| 700 | 1 | |a Holden, William, |d 1918-1981, |e act | |
| 852 | |a INST |b SYROS |c AV |e 20091124 |h 791.437 LEA |p 005500008058 |q 005500008058 |t DVD |y 23 |z Disc.1 | ||
| 852 | |a INST |b SYROS |c AV |e 20091124 |h 791.437 LEA |p 005500008059 |q 005500008059 |t DVD |y 23 |z Disc.2 | ||
| 852 | |a INST |b SYROS |c AV |e 20091124 |h 791.437 LEA |p 005500008058 |q 005500008058 |t DVD |v Disc.1: |y 23 |z Disc.1 | ||
| 852 | |a INST |b SYROS |c AV |e 20091124 |h 791.437 LEA |p 005500008059 |q 005500008059 |t DVD |v Disc.2: |y 23 |z Disc.2 | ||
| 853 | |a INST |b SYROS |c AV |h 791.437 LEA | ||
| 901 | |a BIBL5-2008-1 | ||
| 922 | |a 5ΕΛΗ |b 200709 |c Βιβλιοθήκη Σύρου |d Anaco | ||
| 970 | |a Κοντού |b Παρασκευή |z 24/11/2009 | ||